000 00281nam a22001217a 4500
008 180206b xxu||||| |||| 00| 0 eng d
041 _aeng
080 _213th
_a32
100 _a19
101 _aPOL
245 _aAmerican government power and purpose
_cLowi,Th,J
942 _2udc
_cBK
999 _c41881
_d41881